|
|
|
|
| LEADER |
00000nam a2200000Ii 4500 |
| 001 |
DIGFCE1970 |
| 003 |
NyNyDIG |
| 008 |
230610s2022 mx ob 001 0 spa d |
| 006 |
m o d |
| 007 |
cr ||||||||||| |
| 035 |
|
|
|a (OCoLC)1372494165
|
| 040 |
|
|
|a DGITA
|b eng
|e rda
|e pn
|c DGITA
|
| 020 |
|
|
|a 9786071674548
|q ePub
|
| 020 |
|
|
|z 9786071611963
|q rústico
|
| 041 |
1 |
|
|a spa
|h myn
|
| 043 |
|
|
|a ncgt---
|
| 050 |
1 |
4 |
|a F1465 ebook
|
| 130 |
1 |
|
|a Popol vuh.
|
| 245 |
1 |
0 |
|a Popol vuh :
|b las antiguas historias del Quiché /
|c traducidas del texto original, con introducción y notas de Adrian Recinos ; estudio preliminar de Rodrigo Martínez Baracs.
|
| 250 |
|
|
|a Primera edición en libro electrónico.
|
| 264 |
|
1 |
|a Ciudad de México :
|b Fondo de Cultura Económica,
|c 2022.
|
| 264 |
|
4 |
|c ©2012
|
| 300 |
|
|
|a 1 online resource.
|
| 336 |
|
|
|a text
|b txt
|2 rdacontent
|
| 337 |
|
|
|a computer
|b c
|2 rdamedia
|
| 338 |
|
|
|a online resource
|b cr
|2 rdacarrier
|
| 347 |
|
|
|a text file
|2 rdaft
|
| 347 |
|
|
|b EPUB
|
| 490 |
1 |
|
|a Biblioteca americana
|
| 504 |
|
|
|a Includes bibliographical references and index.
|
| 588 |
0 |
|
|a Online resource; title from ePub title page (Digitalia, viewed June 10, 2023)
|
| 630 |
0 |
0 |
|a Popol vuh.
|
| 650 |
|
0 |
|a Quiché Indians
|x Religion.
|
| 650 |
|
0 |
|a Quiché Indians
|x History.
|
| 650 |
|
0 |
|a Quiché mythology.
|
| 650 |
|
0 |
|a Indians of Central America
|z Guatemala
|x Religion and mythology.
|
| 700 |
1 |
|
|a Recinos, Adrián,
|d 1886-1962,
|e translator,
|e contributor agent of text.
|
| 700 |
1 |
|
|a Martínez Baracs, Rodrigo.
|
| 776 |
0 |
8 |
|i Print version:
|a Popol vuh.
|t Popol vuh : las antiguas historias del Quiché.
|b Tercera edición.
|d Ciudad de México : Fondo de Cultura Económica, 2012
|z 9786071611963
|
| 791 |
2 |
|
|a Digitalia (Firm),
|e distributor.
|
| 793 |
0 |
|
|g Digitalia eBook Collection:
|a Fondo de Cultura Económica
|
| 830 |
|
0 |
|a Biblioteca americana (Fondo de Cultura Económica (Mexico))
|
| 856 |
4 |
0 |
|u https://digitalia.uam.elogim.com/a/121383/
|z Texto completo
|
| 910 |
|
|
|a Premium collection: 2023
|